000 00681nam a2200193 i 4500
001 74281
003 ES-MaACL
005 20240111173414.0
007 t|
008 040916s1972 sp ||||1| spa d
100 1 _aGonzález Pérez, Jesús.
_958870
245 1 0 _aDerecho farmaceútico y recopilación sistemática /
_cJesús González Pérez ; actualizada y anotada de la Legislación Farmaceútica por José A. Escalante.
260 _aMadrid :
_bBoletín Oficial del Estado,
_c1972.
300 _a1597, 25 p. ;
_c24 cm.
650 7 _aFarmacia-
_xDerecho
_2
_9172581
700 1 _aEscalante, José A.
_947466
852 _aES-MaACL
_jE-5305
_bR.89690
999 _c74281
_d74281